Some Remarks on Faster Convergent Infinite Series

Problematika - rýchlejšie konvergentné rady. Rýchlejšie konvergentné kritériá.

Na minha lista:
Detalhes bibliográficos
Autor principal: Holý, Dušan
Outros Autores: Matejíčka, Ladislav, Pinda, Ľudovít, 1958-
Formato: Capítulo de Livro
Idioma:inglês
Assuntos:
Tags: Adicionar Tag
Sem tags, seja o primeiro a adicionar uma tag!

MARC

LEADER 00000naa a2200000 4500
001 0158465
005 20240502072747.9
041 0 |a eng 
044 |a SK 
245 1 0 |a Some Remarks on Faster Convergent Infinite Series  |c Dušan Holý, Ladislav Matejíčka, Ľudovít Pinda 
520 |a Problematika - rýchlejšie konvergentné rady. Rýchlejšie konvergentné kritériá. 
610 2 0 |a matematika 
610 2 0 |a metódy matematické 
610 2 0 |a konvergencia 
100 1 |a Holý, Dušan 
700 1 |a Matejíčka, Ladislav 
700 1 |a Pinda, Ľudovít, 1958-